[Event "Challenge"]
[Site "http://www.queenalice.com/game.php?id=1287329"]
[Date "2014.6.10"]
[Round "-"]
[White "deuterius"]
[Black "joseluisgrilo"]
[Result "0-1"]
[WhiteElo "1667"]
[BlackElo "1814"]

1. e4 e5 2. Nf3 Nc6 3. Bb5 Nge7 4. Nc3 a6 5. Ba4 b5 6. Bb3 Rb8 7. d3 h6 8. O-O
Bb7 9. Ne2 Nc8 10. Be3 Bd6 11. a3 O-O 12. Ng3 N6e7 13. Qd2 Ng6 14. Nh5 Nf4 15.
Nxf4 exf4 16. Bxf4 Bxf4 17. Qxf4 Nd6 18. Rfe1 g5 19. Qd2 Kg7 20. Qc3+ Kh7 21.
Ne5 f6 22. Ng4 Ne8 23. Ne3 Ng7 24. Re2 d6 25. Rf1 Nh5 26. g3 Bc8 27. Bd5 Bb7 28.
Be6 c5 29. Bf5+ Kh8 30. Ng4 Kg7 31. b3 Bc8 32. Ne3 Bxf5 33. Nxf5+ Kg6 34. Qd2
Qd7 35. f3 d5 36. Rg2 dxe4 37. fxe4 Qd8 38. g4 Nf4 39. Rg3 Ne6 40. c3 Qa5 41.
Qb2 Nf4 42. h4 c4 43. dxc4 bxc4 44. b4 Qb6+ 45. Kh2 Qa7 46. h5+ Kh7 47. Rd1 Nd3
48. Qa2 Qf2+ 49. Qxf2 Nxf2 50. Re1 Rbd8 51. Nd4 Rfe8 52. Rge3 Nxg4+ 53. Kg3 Nxe3
54. Rxe3 Kg7 55. Kg4 Rc8 56. Nf5+ Kf8 57. Nd6 Rcd8 58. Nxe8 Kxe8 59. e5 Rd3 60.
Re4 Rxc3 61. exf6+ Kf7 62. Kf5 Rf3+ 63. Ke5 Rf4 64. Re3 Rxf6 65. Rc3 Rf4 66. Kd5
Kf6 67. a4 g4 68. Re3 Kg5 69. Re1 c3 70. Re2 Rf3 71. Kc4 Kxh5 72. b5 Rf4+ 73.
Kxc3 Rf3+ 74. Kb4 Rf6 75. Rh2+ Kg5 76. bxa6 Rxa6 77. a5 h5 78. Kb5 Re6 79. a6 g3
80. Rg2 h4 81. a7 Re8 82. Kb6 Kg4 83. Kb7 h3 84. Re2 h2 85. Rxe8 h1=Q+ 86. Kb8
Qb1+ 87. Kc7 Qc2+ 88. Kb8 Qb3+ 89. Kc7 Qc4+ 90. Kb6 Qb4+ 91. Kc7 Qc5+ 92. Kb8
Qb5+ 0-1

[Event "Challenge"]
[Site "http://www.queenalice.com/game.php?id=1287330"]
[Date "2014.6.10"]
[Round "-"]
[White "joseluisgrilo"]
[Black "deuterius"]
[Result "1-0"]
[WhiteElo "1799"]
[BlackElo "1708"]

1. e4 e5 2. Nf3 Nc6 3. Bc4 h6 4. d4 exd4 5. Nxd4 Nxd4 6. Qxd4 b6 7. Bxf7+ Ke7 8.
Qe5+ Kxf7 9. Qd5+ Ke8 10. Qxa8 Ba6 11. Qxd8+ Kxd8 12. Nc3 Bc5 13. Be3 Bd6 14.
O-O-O Ne7 15. f4 Nc6 16. e5 Be7 17. a3 Rf8 18. g3 g5 19. b4 Bc4 20. h4 gxf4 21.
Bxf4 h5 22. Rh2 Be6 23. Ne4 Kc8 24. Kb2 Bf5 25. Nc3 a6 26. b5 Nb8 27. bxa6 Nxa6
28. Nd5 Bc5 29. Nf6 Bg4 30. Rdd2 Be7 31. Bg5 Bc5 32. Nxg4 hxg4 33. Bf4 Nb8 34.
h5 Rh8 35. h6 Rh7 36. Kb3 Nc6 37. Ka2 Nd4 38. Rh5 Ne6 39. Rh4 Nxf4 40. gxf4 Be7
41. Rh5 Bf8 42. Rg2 Kd8 43. Rxg4 Ke7 44. Rg6 b5 45. Kb3 c6 46. f5 Ke8 47. a4 b4
48. a5 Kd8 49. Rg8 Ke8 50. a6 1-0

[Event "AUTO-INT-2879"]
[Site "http://www.queenalice.com/game.php?id=1293981"]
[Date "2014.7.11"]
[Round "1"]
[White "FisicaModerna"]
[Black "deuterius"]
[Result "0-1"]
[WhiteElo "1678"]
[BlackElo "1632"]

1. e4 e5 2. Nf3 Nc6 3. d4 exd4 4. Nxd4 Nxd4 5. Qxd4 Ne7 6. Bc4 Nc6 7. Qd5 Qe7 8.
O-O d6 9. Be3 Nb4 10. Qd1 Qxe4 11. Bb3 Be6 12. Bxe6 fxe6 13. Re1 Nxc2 14. Nd2
Qc6 15. Rc1 Nxe3 16. Rxe3 Qd7 17. Qc2 c6 18. Rce1 e5 19. f4 O-O-O 20. fxe5 Re8
21. exd6 Rxe3 22. Rxe3 Bxd6 23. Nc4 Bc5 24. Qa4 Bxe3+ 25. Nxe3 Re8 26. Nf1 Kb8
27. Qf4+ Ka8 28. Ng3 h5 29. Nxh5 Qd1+ 30. Kf2 Qxh5 31. Qc7 Qf5+ 0-1

[Event "AUTO-INT-2879"]
[Site "http://www.queenalice.com/game.php?id=1293982"]
[Date "2014.7.11"]
[Round "1"]
[White "deuterius"]
[Black "FisicaModerna"]
[Result "0-1"]
[WhiteElo "1647"]
[BlackElo "1663"]

1. e4 e6 2. d4 d5 3. e5 c5 4. c3 Nc6 5. Bb5 f6 6. f4 fxe5 7. Bxc6+ bxc6 8. fxe5
cxd4 9. cxd4 Ba6 10. Bd2 Qb6 11. Bc3 Bb4 12. b3 Ne7 13. Nf3 O-O 14. Bxb4 Qxb4+
15. Qd2 Rab8 16. Nc3 Rf7 17. a3 Qb7 18. b4 Rbf8 19. a4 Qxb4 20. Rb1 Qa5 21. Kf2
h6 22. Rhf1 Nf5 23. Kg1 Bxf1 24. Kxf1 Nh4 25. Ke2 Nxf3 26. gxf3 Rxf3 27. Kd1
Rf1+ 28. Kc2 R1f2 29. Ne2 Qxa4+ 30. Rb3 Rb8 0-1

[Event "AUTO-INT-2879"]
[Site "http://www.queenalice.com/game.php?id=1293991"]
[Date "2014.7.11"]
[Round "1"]
[White "francksc"]
[Black "deuterius"]
[Result "1-0"]
[WhiteElo "1618"]
[BlackElo "1665"]

1. e4 e5 2. Nf3 Nc6 3. d3 Bc5 4. Qd2 d6 5. Be2 Nge7 6. O-O O-O 7. Nc3 Be6 8. a3
f5 9. Ng5 Nd4 10. Nd5 Nxe2+ 11. Qxe2 Bc8 12. c3 Nxd5 13. exd5 h6 14. Nf3 Re8 15.
b4 e4 16. dxe4 Bb6 17. Nd2 a6 18. c4 Bd4 19. Ra2 Bc3 20. f3 Qh4 21. Bb2 Bxd2 22.
Qxd2 fxe4 23. Qc3 Qe7 24. fxe4 Rf8 25. Raa1 Rxf1+ 26. Rxf1 Bg4 27. h3 Bh5 28. c5
Qg5 29. Rf5 Qh4 30. Qxg7# 1-0

[Event "AUTO-INT-2879"]
[Site "http://www.queenalice.com/game.php?id=1293992"]
[Date "2014.7.11"]
[Round "1"]
[White "deuterius"]
[Black "francksc"]
[Result "1-0"]
[WhiteElo "1652"]
[BlackElo "1653"]

1. e4 e5 2. Nf3 d6 3. Bc4 Qe7 4. Nc3 Be6 5. Bxe6 Qxe6 6. d4 exd4 7. Ne2 Qxe4 8.
O-O c5 9. Nc3 Qf5 10. Re1+ Be7 11. Nb5 Qd7 12. Qe2 Nf6 13. Bg5 O-O 14. Na3 Qf5
15. Qxe7 Qd7 16. Bxf6 gxf6 17. Qxf6 Qd8 18. Qf4 f6 19. Qg4+ Kh8 20. Nh4 Rg8 21.
Qf3 Rg7 22. Nf5 Rf7 23. Nb5 Nc6 24. Nbxd6 Rd7 25. Re8+ Qxe8 26. Nxe8 Rxe8 27.
Nh6 Rde7 28. Qxf6+ Rg7 29. Kf1 Nd8 30. Re1 Rxe1+ 31. Kxe1 Nf7 32. Nxf7+ Kg8 33.
Nh6+ Kh8 34. Qf8+ Rg8 35. Qxg8# 1-0

[Event "Let's Play Chess!"]
[Site "http://www.queenalice.com/game.php?id=1309218"]
[Date "2014.9.19"]
[Round "-"]
[White "deuterius"]
[Black "charles31"]
[Result "1-0"]
[WhiteElo "1668"]
[BlackElo "1673"]

1. e4 e5 2. Nf3 d6 3. Bc4 h6 4. Nc3 a6 5. a3 c6 6. O-O g5 7. h3 h5 8. d3 g4 9.
Ng5 gxh3 10. Nxf7 Qf6 11. Nxh8 Qxh8 12. Kh2 hxg2 13. Rg1 Qf6 14. Qxh5+ Kd7 15.
Bxg8 Kc7 16. Rxg2 Kb6 17. Bg5 Bg4 18. Qxg4 Qh8+ 19. Bh4 Bh6 20. Kg1 Kc7 21. Be6
a5 22. Qg8 Na6 23. Qf7+ Kb6 24. Na4+ Ka7 25. Rg8 Rxg8+ 26. Qxg8 Qxg8+ 27. Bxg8
b5 28. Nc3 Kb6 29. b3 Bd2 30. Nd1 a4 31. Bd8+ Kb7 32. bxa4 b4 33. Rb1 c5 34. c3
Kc8 35. Bh4 bxc3 36. Bb3 Kd7 37. f3 Nb8 38. Kf1 Nc6 39. Bf2 Na5 40. Bc2 c4 41.
d4 exd4 42. Bxd4 Nc6 43. Bxc3 Bxc3 44. Nxc3 Nd4 45. Bd1 1-0

[Event "Challenge"]
[Site "http://www.queenalice.com/game.php?id=1310012"]
[Date "2014.9.23"]
[Round "-"]
[White "Rogerio11"]
[Black "deuterius"]
[Result "0-1"]
[WhiteElo "1148"]
[BlackElo "1687"]

1. e4 e5 2. d3 d6 3. Nc3 Nf6 4. Nf3 Bg4 5. h3 Bxf3 6. Qxf3 c6 7. g4 Na6 8. h4
Qd7 9. g5 Ng8 10. Bh3 Qc7 11. h5 g6 12. hxg6 fxg6 13. Ne2 Be7 14. c4 h6 15. b3
h5 16. Nc3 Bd8 17. a4 Nb4 18. Bd2 Nc2+ 19. Ke2 Nd4+ 20. Ke3 Nxf3 21. Kxf3 Qf7+
22. Kg2 Bb6 23. f3 Bd4 24. b4 Bxc3 25. Bxc3 Qf4 26. c5 Qxg5+ 27. Kf2 d5 28. exd5
cxd5 29. b5 d4 30. Ba5 Qe3+ 31. Kg3 Qxd3 32. c6 bxc6 33. bxc6 Ne7 34. c7 Qa6 35.
Bb4 Nc8 36. Rhe1 Qf6 37. Rac1 h4+ 38. Kh2 Qf4+ 39. Kg2 Qg3+ 40. Kf1 Qxh3+ 41.
Ke2 Qg2+ 0-1

[Event "Challenge"]
[Site "http://www.queenalice.com/game.php?id=1312824"]
[Date "2014.10.5"]
[Round "-"]
[White "deuterius"]
[Black "JORAM2205"]
[Result "1-0"]
[WhiteElo "1684"]
[BlackElo "1721"]

1. e4 e5 2. Nf3 Nc6 3. Bc4 Qe7 4. d3 h6 5. b3 d6 6. Nc3 Nf6 7. h3 a6 8. O-O Bd7
9. Nh2 Nd4 10. b4 c6 11. a4 g5 12. Na2 Bg7 13. c3 Ne6 14. Re1 d5 15. exd5 Nxd5
16. Bxd5 cxd5 17. d4 e4 18. f3 O-O 19. fxe4 Qf6 20. Rf1 Qe7 21. e5 Rac8 22. Ba3
Nf4 23. Nc1 Rxc3 24. Rf3 Rcc8 25. b5 Qe6 26. Bxf8 Kxf8 27. Nb3 f6 28. Nc5 Qe7
29. Nxd7+ Qxd7 30. exf6 Bxf6 31. Ng4 Bg7 32. g3 h5 33. Nf2 Rc4 34. gxf4 g4 35.
Rg3 Bxd4 36. Ra2 Qf5 37. Qd2 Bc3 38. Qd3 Qxf4 39. Qe3 Qf6 40. Re2 Rc8 41. Qe6
Qd8 42. Qh6+ Bg7 43. Qxh5 d4 44. Qf5+ Bf6 45. Nxg4 Rc1+ 46. Kg2 d3 47. Rxd3 Qb6
48. Qxf6+ Qxf6 49. Nxf6 Rc8 50. Rd7 axb5 51. axb5 1-0

[Event "Yeappee"]
[Site "http://www.queenalice.com/game.php?id=1314850"]
[Date "2014.10.12"]
[Round "1"]
[White "deuterius"]
[Black "Slazenger"]
[Result "0-1"]
[WhiteElo "1701"]
[BlackElo "1750"]

1. e4 e6 2. d4 c6 3. c4 d5 4. cxd5 exd5 5. Nc3 Ne7 6. Bd3 g6 7. Be3 Bg7 8. e5
Bf5 9. Be2 Qb6 10. Qd2 Nd7 11. Nf3 h6 12. O-O Rc8 13. Na4 Qc7 14. Rac1 Be6 15.
h3 g5 16. Nh2 Rd8 17. Bg4 Bxg4 18. Nxg4 f6 19. e6 Nf8 20. Nc5 b6 21. Na6 Qb7 22.
Nb4 Qc8 23. Nd3 Nxe6 24. f4 h5 25. Nh2 Bh6 26. f5 Ng7 27. Rf2 Ngxf5 28. Nf1 Kf7
29. Re2 Rdg8 30. Nh2 Rg6 31. Qe1 g4 32. Bxh6 Rhxh6 33. Nf4 Rg8 34. h4 g3 35. Nf1
Qc7 0-1

[Event "Let's Play Chess!"]
[Site "http://www.queenalice.com/game.php?id=1323257"]
[Date "2014.11.20"]
[Round "-"]
[White "deuterius"]
[Black "Ruusgugg"]
[Result "1-0"]
[WhiteElo "1689"]
[BlackElo "1459"]

1. e4 Nf6 2. Nc3 h5 3. d4 h4 4. Bg5 d6 5. Be2 Nc6 6. h3 Be6 7. d5 Rh5 8. Bxh5
Nxh5 9. Qxh5 Nd4 10. O-O-O g6 11. Qh8 f6 12. Rxd4 c5 13. Rd3 fxg5 14. dxe6 Qc7
15. Nd5 Qa5 16. Nc3 Kd8 17. Qxf8+ Kc7 18. Qxe7+ Kb6 19. Rxd6# 1-0

[Event "AUTO-INT-2879"]
[Site "http://www.queenalice.com/game.php?id=1329137"]
[Date "2014.12.19"]
[Round "2"]
[White "deuterius"]
[Black "Karjaking"]
[Result "0-1"]
[WhiteElo "1688"]
[BlackElo "1849"]

1. e4 e5 2. Nf3 d6 3. Bc4 Be7 4. d3 Nf6 5. Nc3 O-O 6. O-O c6 7. a3 Bg4 8. Re1
Nbd7 9. Re3 Nb6 10. Bb3 d5 11. Qe1 d4 12. Nxe5 dxe3 13. Bxe3 Bd6 14. Nxg4 Nxg4
15. d4 Bxh2+ 16. Kf1 Qh4 17. Ke2 Rfe8 18. g3 Qh5 0-1

[Event "AUTO-INT-2879"]
[Site "http://www.queenalice.com/game.php?id=1329138"]
[Date "2014.12.19"]
[Round "2"]
[White "Karjaking"]
[Black "deuterius"]
[Result "1-0"]
[WhiteElo "1839"]
[BlackElo "1698"]

1. e4 e5 2. Nf3 Nc6 3. d4 exd4 4. Bc4 h6 5. Nxd4 Ne5 6. Bb3 Nf6 7. Nc3 Bb4 8.
O-O Bc5 9. Nf5 O-O 10. Kh1 d6 11. Bf4 Bxf5 12. exf5 Neg4 13. Ne4 Nxe4 14. Qxg4
Nf6 15. Qg6 d5 16. Qg3 Kh8 17. Qh4 Be7 18. Bxh6 gxh6 19. Qxh6+ 1-0

[Event "Let's Play Chess!"]
[Site "http://www.queenalice.com/game.php?id=1338590"]
[Date "2015.2.2"]
[Round "-"]
[White "deuterius"]
[Black "Piazzolero"]
[Result "1-0"]
[WhiteElo "1715"]
[BlackElo "1546"]

1. e4 e5 2. Nf3 Bc5 3. d4 exd4 4. Nxd4 Nf6 5. Bg5 h6 6. Bh4 d6 7. Bxf6 Qxf6 8.
c3 Nc6 9. Be2 Be6 10. O-O O-O-O 11. Nxc6 bxc6 12. Ba6+ Kd7 13. Nd2 Rb8 14. b4
Bb6 15. Nf3 Qxc3 16. a3 h5 17. e5 d5 18. h3 g6 19. Qe2 Bd4 20. Rfc1 Qb2 21. Nxd4
Qxd4 22. Ra2 Rhe8 23. Bc4 dxc4 24. Rd2 Qd5 25. Rxd5+ cxd5 26. Qd1 c6 27. Rxc4
Rec8 28. Rc5 Ra8 29. a4 Rcb8 30. Qd2 Rb6 31. b5 cxb5 32. axb5 Rc8 33. Rxc8 Kxc8
34. Qc3+ Kb7 35. Qd3 h4 36. f4 a6 37. bxa6+ Rxa6 38. Qd4 Rc6 39. Kh2 Kc7 40. Qf2
Rc4 41. Qxh4 Kd7 42. Qf2 1-0

[Event "Challenge"]
[Site "http://www.queenalice.com/game.php?id=1341782"]
[Date "2015.2.15"]
[Round "-"]
[White "JORAM2205"]
[Black "deuterius"]
[Result "0-1"]
[WhiteElo "1717"]
[BlackElo "1678"]

1. e4 e5 2. Nf3 Nc6 3. d3 Nf6 4. Nc3 d5 5. d4 Bg4 6. Bb5 Nxe4 7. Qd3 Qd6 8. a3
Be7 9. Nxe4 dxe4 10. Qxe4 Bxf3 11. Qxf3 O-O 12. d5 Nd4 13. Qe4 f5 14. Qd3 Kh8
15. Bc4 Rac8 16. O-O Rf6 17. Bg5 Rg6 18. h4 Bxg5 19. hxg5 Rxg5 20. Rae1 Rf8 21.
Qd2 Nf3+ 22. Kh1 Rh5# 0-1

[Event "OS INCLIVEIS"]
[Site "http://www.queenalice.com/game.php?id=1342384"]
[Date "2015.2.18"]
[Round "-"]
[White "adelio"]
[Black "deuterius"]
[Result "0-1"]
[WhiteElo "1722"]
[BlackElo "1696"]

1. d4 d5 2. e4 dxe4 3. Nc3 Bf5 4. f3 exf3 5. Qxf3 c6 6. Qxf5 e6 7. Qd3 Nf6 8.
Be2 Nbd7 9. h4 Qc7 10. Rh3 Bd6 11. Be3 Bf4 12. Ne4 Bxe3 13. Rxe3 Nd5 14. O-O-O
Nxe3 15. Qxe3 O-O-O 16. Nc5 Nf6 17. Qb3 Nd5 18. Nf3 Qb6 19. Nxb7 Kxb7 20. c4
Qxb3 21. axb3 Ne3 22. Rg1 h5 23. Kd2 Nf5 24. c5 Nxd4 25. Nxd4 Rxd4+ 26. Kc2 Rxh4
27. Kb1 Rd4 28. Ka2 a5 29. Bc4 h4 30. Rf1 Rf8 31. Bxe6 f6 32. Rf3 g5 33. Bc4 Kc7
34. Rc3 Rg4 35. Rc2 Rg3 36. Re2 Kd8 37. Re6 Rxg2 38. Rxc6 f5 39. Ra6 f4 40. Ra8+
Ke7 41. Ra7+ Kf6 42. Rxa5 Ke5 43. c6+ Kd6 44. Bd5 Rg3 45. b4 Rd3 46. Be4 Rd4 47.
Bf3 Rxb4 48. Rd5+ Kc7 49. Rd7+ Kb8 50. c7+ Kc8 51. Bg4 f3 52. Rf7+ Rxg4 53.
Rxf8+ Kxc7 54. Rxf3 Kc6 55. Rc3+ Kb5 56. Rc8 h3 57. Rh8 Rh4 58. Rb8+ Kc4 59. b3+
Kc3 60. Ka3 h2 61. Rc8+ Kd3 62. Rd8+ Ke3 63. Re8+ Kf3 64. Rf8+ Kg3 65. Rg8 g4
66. Rc8 h1=Q 67. Rc3+ Qf3 68. Rc4 Kh3 69. Kb2 Qe2+ 70. Ka3 Qxc4 71. bxc4 g3 72.
Kb4 Rxc4+ 73. Kxc4 g2 74. Kb5 g1=Q 75. Kc6 Qd4 76. Kb7 Qd6 77. Ka8 Kg4 78. Kb7
Kf5 79. Ka8 Ke5 80. Kb7 Kd5 81. Ka8 Qe7 82. Kb8 Kc6 83. Ka8 Qb7# 0-1

[Event "Let's Play Chess!"]
[Site "http://www.queenalice.com/game.php?id=1360421"]
[Date "2015.5.19"]
[Round "-"]
[White "deuterius"]
[Black "Ruusgugg"]
[Result "1-0"]
[WhiteElo "1713"]
[BlackElo "1353"]

1. e4 d5 2. exd5 Qxd5 3. Nc3 Qe6+ 4. Be2 f5 5. Nf3 Qg6 6. d3 Qxg2 7. Rg1 Qh3 8.
Rg3 Qh5 9. Bf4 b6 10. Rg5 Qf7 11. Ne5 Qe6 12. Qd2 h6 13. Rg6 Qxg6 14. Nxg6 Rh7
15. Nd5 Kd8 16. Nxc7 Nc6 17. Nxa8 e6 18. Nxf8 Rh8 19. Ng6 Rh7 20. Nc7 Nf6 21.
Bf3 Nd4 22. Bg2 h5 23. Qb4 h4 24. Qe7# 1-0

[Event "Challenge"]
[Site "http://www.queenalice.com/game.php?id=1392573"]
[Date "2015.11.5"]
[Round "-"]
[White "deuterius"]
[Black "Tooony"]
[Result "0-1"]
[WhiteElo "1724"]
[BlackElo "1721"]

1. e4 e5 2. Nf3 Nc6 3. Nc3 g6 4. Bc4 Nf6 5. d3 Bg7 6. Ng5 d5 7. Nxd5 Nxd5 8.
Bxd5 Be6 9. Bxe6 fxe6 10. Nxe6 Qe7 11. Ng5 Bf6 12. Nf3 O-O-O 13. Be3 g5 14. Nd2
h5 15. g4 h4 16. h3 Qb4 17. b3 Nd4 18. Bxd4 exd4 19. Qc1 b5 20. Qb2 Rhf8 21.
O-O-O Be5 22. a3 Qc3 23. f3 Bf4 24. Rhg1 Be3 25. Rg2 Rxf3 26. Kb1 Rxh3 27. Nf1
Rh1 28. Ka2 h3 29. Re2 Bf4 30. Qb1 b4 31. a4 Rg1 32. Nd2 Rxd1 33. Qxd1 h2 34.
Nf3 Rh8 35. Qh1 Bc1 36. Qxc1 h1=Q 37. Ng1 Rh2 38. Rxh2 Qxh2 39. Kb1 Qhd2 0-1

[Event "Let's Play Chess!"]
[Site "http://www.queenalice.com/game.php?id=1395155"]
[Date "2015.11.20"]
[Round "-"]
[White "deuterius"]
[Black "masam2014"]
[Result "1-0"]
[WhiteElo "1708"]
[BlackElo "1522"]

1. e4 c5 2. d4 cxd4 3. Qxd4 Nc6 4. Qd1 d6 5. Bb5 Bd7 6. Nc3 Nf6 7. Nge2 g6 8.
Be3 Bg7 9. O-O O-O 10. h3 Qb6 11. Bxb6 axb6 12. Ng3 1-0

[Event "Challenge"]
[Site "http://www.queenalice.com/game.php?id=1405755"]
[Date "2016.1.23"]
[Round "-"]
[White "Scaracioli"]
[Black "deuterius"]
[Result "1-0"]
[WhiteElo "1837"]
[BlackElo "1704"]

1. e4 e5 2. Nf3 Nc6 3. d4 exd4 4. Nxd4 Nxd4 5. Qxd4 d6 6. h3 Ne7 7. Nc3 Nc6 8.
Qd1 Be7 9. Bd3 Ne5 10. Be2 O-O 11. Bf4 Nc6 12. Bd3 Bg5 13. Bg3 1-0